Belo Horizonte - de Curral Del Rei a capital centenária (Record no. 161615)

MARC details
000 -LÍDER
campo de controle de tamanho fixo 00427 a2200169 4500
001 - NÚMERO DE CONTROLE
campo de controle 161615
020 ## - ISBN - INTERNATIONAL STANDARD BOOK NUMBER
ISBN - International Standard Book Number 85-322-2307-9
040 ## - FONTE DA CATALOGAÇÃO
Instituição que transcreveu o registro Magnum
100 ## - ENTRADA PRINCIPAL--NOME PESSOAL
Nome pessoal Lucena, Martha
240 10 - TÍTULO UNIFORME
Título uniforme Belo Horizonte - de Curral Del Rei a capital centenária
Idioma da obra por
245 10 - TÍTULO
Título Belo Horizonte - de Curral Del Rei a capital centenária
300 ## - DESCRIÇÃO FÍSICA
Extensão 115
362 0# - DATAS DE PUBLICAÇÃO E/OU DESIGNAÇÃO SEQUENCIAL
Datas de publicação e/ou designação sequencial 1996
440 #1 - DECLARAÇÃO DE SÉRIE/ENTRADA ADICIONADA--TÍTULO
Título FTD
697 ## - ENTRADA DE ASSUNTO LOCAL--ENTIDADE COLETIVA (RLIN)
Nome corporativo ou nome da jurisdição GEOGRAFIA DO BRASIL
942 ## - ELEMENTOS DE ENTRADA ADICIONADOS (KOHA)
Tipo de material Koha Livros
Holdings
Situação do descarte Situação das perdas Situação física Não pode ser emprestado Biblioteca de origem Biblioteca atual Data de aquisição Total de empréstimos Número de chamada completo Código de barras Data de último acesso Data do preço efetivo Tipo de material Koha
        Magnum Magnum 08/06/2024   0.164 MAG00004122 08/06/2024 08/06/2024 Livros
        Magnum Magnum 08/06/2024   0.164 MAG00004123 08/06/2024 08/06/2024 Livros
        Magnum Magnum 08/06/2024   0.164 MAG00004124 08/06/2024 08/06/2024 Livros
        Magnum Magnum 08/06/2024   0.164 MAG00004125 08/06/2024 08/06/2024 Livros
        Magnum Magnum 08/06/2024   0.164 MAG00004126 08/06/2024 08/06/2024 Livros
        Magnum Magnum 08/06/2024   0.164 MAG00004127 08/06/2024 08/06/2024 Livros
        Magnum Magnum 08/06/2024   0.164 MAG00004128 08/06/2024 08/06/2024 Livros
        Magnum Magnum 08/06/2024   0.164 MAG00004129 08/06/2024 08/06/2024 Livros
        Magnum Magnum 08/06/2024   0.164 MAG00004130 08/06/2024 08/06/2024 Livros
        Magnum Magnum 08/06/2024   0.164 MAG00004131 08/06/2024 08/06/2024 Livros
        Magnum Magnum 08/06/2024   0.164 MAG00004132 08/06/2024 08/06/2024 Livros
        Magnum Magnum 08/06/2024   0.164 MAG00004133 08/06/2024 08/06/2024 Livros